|
|
|
|
| LEADER |
00000nab a2200000 a 4500 |
| 001 |
vtls011123827 |
| 003 |
SK-MaSNL |
| 005 |
20260304235100.0 |
| 008 |
230218|1997 xo |||||||||||||||||eng| |
| 015 |
|
|
|a SNBRB
|
| 035 |
|
|
|a (uuid)a6fce42c-5ad2-4c98-926b-31e15d13f432
|
| 035 |
|
|
|a (urnnbn)urn:nbn:sk:snk:ar-a094dh
|
| 035 |
|
|
|a urn:nbn:sk:snk-ab9y9e
|
| 040 |
|
|
|a SNKBUCL
|b slo
|c SNKBUCL
|e AACR2
|
| 041 |
0 |
|
|a eng
|
| 044 |
|
|
|a xo
|c SK
|
| 100 |
1 |
|
|a Tirjaková, Eva,
|d 1955-
|4 aut
|9 124846
|
| 245 |
1 |
0 |
|a STRUCTURE AND DYNAMICS OF COMMUNITIES OF CILIATED PROTOZOA (Ciliophora) IN FIELD COMMUNITIES. SUCCESSION, GENUS-SPECIES RELATIONSHIPS, NUTRITION
|c Eva Tirjaková, J. Tirjak
|
| 700 |
1 |
|
|a Tirjak, J.
|4 trl
|9 1572201
|
| 773 |
0 |
|
|t Ekológia (Bratislava) : medzinárodný časopis pre ekologické problémy biosféry
|g Roč. 16, č. 3 (1997), s. 243-252
|
| 958 |
|
|
|a OND
|
| 958 |
|
|
|a EUIPO
|
| 958 |
|
|
|a article13
|
| 999 |
|
|
|c 3207331
|d 3209261
|